|
|
|
|
| LEADER |
00000nam a2200000 a 4500 |
| 001 |
vtls001110506 |
| 003 |
SK-MaSNL |
| 005 |
20260301182232.0 |
| 008 |
250414s1977 xo 0 slo |
| 015 |
|
|
|a SNBA1978
|
| 035 |
|
|
|a SNK000053349
|
| 040 |
|
|
|a SNK
|b slo
|c SNK
|e AACR2
|
| 041 |
0 |
|
|a slo
|
| 044 |
|
|
|a xo
|c SK
|
| 080 |
|
|
|a 598.2/.9(234.373.31+234.372.4)(047.31)
|2 1981
|
| 080 |
|
|
|a 234.372.4)(047.31)
|2 1981
|
| 245 |
0 |
0 |
|a Vtáctvo severnej časti Malých Karpát. Vtáčie spoločenstvá troch kaňonov južnej časti Krupinskej planiny ; Eva Kalivodová, Vladimír Brtek, Zora Feriancová-Masárová, Oskár Ferianc, Pavel Amena
|
| 260 |
|
|
|a Bratislava
|b Veda
|c 1977
|e Praha
|f Polygrafia
|
| 300 |
|
|
|a 151 s., 10,88 AH
|b Tb. Fot. Grafy.
|c 24 cm
|
| 366 |
|
|
|e 400 výtl.
|
| 490 |
0 |
|
|a Biologické práce
|
| 500 |
|
|
|a Roč. 23/2-1977. Lit. 63. Súbež. náz. rus. a angl. Res. rus. a angl. 63 zázn. lit. o knihách, zbor., čl. a diz. prácach v jaz. slov., čes., rus., nem. angl. a maď.
|
| 700 |
1 |
|
|a Kalivodová, Eva,
|d 1939-
|4 aut
|9 104572
|
| 700 |
1 |
|
|a Brtek, Vladimír,
|d 1931-2009
|4 aut
|9 37692
|
| 700 |
1 |
|
|a Feriancová-Masárová, Zora,
|d 1930-
|4 aut
|9 6082
|
| 700 |
1 |
|
|a Ferianc, Oskár,
|d 1905-1987
|4 aut
|9 92182
|
| 700 |
1 |
|
|a Amena, Pavel
|4 bkd
|9 276610
|
| 852 |
|
|
|a Slovenská národná knižnica
|
| 954 |
|
|
|a vtáctvo
|a Krupinská planina
|a Malé Karpaty
|
| 958 |
|
|
|a OND
|
| 958 |
|
|
|a NB
|
| 958 |
|
|
|a TL
|
| 999 |
|
|
|c 852949
|d 854879
|
| 952 |
|
|
|a SNK
|b SNK
|y VYP
|7 0
|p 17A0980697
|o snkSC 42549 D1
|i snkKSP 6956/77
|0 0
|1 0
|4 0
|d 2014-09-03
|l 0
|r 2026-02-24 04:47:16
|w 2026-02-24
|